000 00625nam a2200205 i 4500
001 66992
003 ES-MaACL
005 20230906165925.0
007 t|
008 040428s2003 ag ||||1| spa d
020 _a987-1068-17-4
080 _a821.134.2(82)-31
100 1 _aLobaiza, Cristina.
_972994
245 1 0 _aLocas y fuertes
_b: relatos de mujeres /
_cCristina Lobaiza y Adriana Arias ; [con prólogo de Eduardo "Tato" Pavlovsky].
250 _a1ª ed.
260 _aBuenos Aires :
_bDel Nuevo Extremo,
_c2003.
300 _a232 p. ;
_c23 cm.
700 1 _aArias, Adriana.
_922740
852 4 _aES-MaACL
_jL-27483
999 _c66992
_d66992